00607 2200217 4500001002100000005001500021035002000036007000300056008004100059020002500100082001000125084001400135100001600149245007000165250001100235260005100246300004100297650001200338700002000350700001900370INLIS00000000000102520210802070504 a0010-0821000001ta210802 g 0 ind  a13-978-602-424-188-9 a928.9 a928.9 ABD0 aAbdul Manan1 aChairil Anwar :bBagimu Negeri Menyeiakan Api /cSeno Joko Suyono aCet. 1 aJakarta :bKepustakaan Populer Gramedia,c2016 ax + 152 hlm. :bilus. ;c16 x 23 cm. aSejarah0 aAgus Supriyanto0 aMustafa Ismail